[Event "NED-chT 1819"]
[Site "Netherlands"]
[Date "2019.04.13"]
[Round "8.9"]
[White "Kampman, Tijmen"]
[Black "Van der Werf, Mark"]
[Result "1/2-1/2"]
[WhiteElo "2203"]
[BlackElo "2404"]
[PlyCount "101"]
[EventDate "2018.09.15"]
[EventType "team-tourn"]
[EventRounds "9"]
[EventCountry "NED"]
[SourceTitle "CBM 189 Extra"]
[Source "ChessBase"]
[SourceDate "2019.06.03"]
[SourceVersion "1"]
[SourceVersionDate "2019.06.03"]
[SourceQuality "1"]
[WhiteTeam "De Stukkenjagers"]
[BlackTeam "Leiden LSG"]
[WhiteTeamCountry "NED"]
[BlackTeamCountry "NED"]

1. Nf3 Nf6 2. g3 b6 3. Bg2 Bb7 4. 0-0 g6 5. d3 Bg7 6. e4 0-0 7. Nc3 c5 8. Bg5 d6 9. Qd2 Re8 10. Rae1 Nc6 11. h3 Nd4 12. Nxd4 cxd4 13. Ne2 Nd7 14. f4 Rc8 15. g4 Qc7 16. Rc1 Nc5 17. Bh4 Qd7 18. Bf2 e5 19. f5 d5 20. Ng3 dxe4 21. Nxe4 Nxe4 22. Bxe4 Bxe4 23. dxe4 gxf5 24. gxf5 Qc6 25. Qe2 Bh6 26. Rce1 Kh8 27. Qh5 Rg8+ 28. Kh1 Be3 29. Qf3 Qh6 30. Bxe3 dxe3 31. c3 Rcd8 32. Rxe3 Rd2 33. Rf2 Qd6 34. Ree2 Rd3 35. Qh5 Rdg3 36. Rd2 Qc5 37. Qh6 Qe3 38. Qf6+ R3g7 39. Rg2 Qxh3+ 40. Kg1 h6 41. Rxg7 Rxg7+ 42. Kf2 Kh7 43. Ke2 Rg2+ 44. Kd1 Qg4+ 45. Kc2 Rxd2+ 46. Kxd2 Qg5+ 47. Qxg5 hxg5 48. c4 f6 49. b4 Kg7 50. Ke3 Kf7 51. a3 1/2-1/2

[Event "NED-chT 1819"]
[Site "Netherlands"]
[Date "2018.10.06"]
[Round "2.6"]
[White "Kampman, Tijmen"]
[Black "Lammens, Tim"]
[Result "1-0"]
[WhiteElo "2203"]
[BlackElo "2279"]
[PlyCount "201"]
[EventDate "2018.09.15"]
[EventType "team-tourn"]
[EventRounds "9"]
[EventCountry "NED"]
[SourceTitle "CBM 187 Extra"]
[Source "ChessBase"]
[SourceDate "2018.11.04"]
[SourceVersion "1"]
[SourceVersionDate "2018.11.04"]
[SourceQuality "1"]
[WhiteTeam "De Stukkenjagers"]
[BlackTeam "Apeldoorn MuConsult"]
[WhiteTeamCountry "NED"]
[BlackTeamCountry "NED"]

1. Nf3 g6 2. g3 Bg7 3. Bg2 d5 4. c4 e6 5. 0-0 Ne7 6. Nc3 0-0 7. d3 Nbc6 8. Bd2 h6 9. Qc1 Kh7 10. Rb1 d4 11. Na4 a5 12. a3 e5 13. Qc2 f5 14. Ne1 Ng8 15. b4 axb4 16. axb4 Nf6 17. Nc5 Ra7 18. b5 Ne7 19. Bb4 Re8 20. Nf3 Neg8 21. Nd2 b6 22. Ncb3 Bb7 23. Bxb7 Rxb7 24. Nf3 Ra7 25. Ra1 Rxa1 26. Rxa1 Qd7 27. Ra7 Ng4 28. h3 e4 29. dxe4 fxe4 30. hxg4 exf3 31. exf3 d3 32. Qd1 Re2 33. Nc1 Rc2 34. Nxd3 Rxc4 35. Be1 Rd4 36. Ra3 Qxb5 37. Qc2 Rc4 38. Qe2 Qb1 39. Kg2 Rc2 40. Qe6 Qb5 41. Ra8 Qc4 42. Qe3 Ra2 43. Rd8 Qf7 44. Ne5 Qe6 45. Bc3 Ra3 46. Rd7 Rxc3 47. Rxg7+ Kxg7 48. Qxc3 c5 49. f4 Nf6 50. Kg1 Kh7 51. Qa3 Nd5 52. Qa7+ Qe7 53. Qa8 Nf6 54. Qc6 Kg7 55. Qxb6 g5 56. Qc6 Kg8 57. Qc8+ Kg7 58. Qf5 gxf4 59. Qg6+ Kf8 60. Qxh6+ Kg8 61. gxf4 c4 62. Qg6+ Kf8 63. Qf5 Kg7 64. g5 Nd5 65. Qg6+ Kf8 66. Qh6+ Kg8 67. Qg6+ Kf8 68. Qe4 Qb7 69. Qxc4 Qb1+ 70. Kg2 Qb7 71. Kg3 Kg7 72. Qd3 Ne7 73. Ng4 Qc7 74. Qd4+ Kh7 75. Qe4+ Kg7 76. Nh6 Kf8 77. Qe6 Qc3+ 78. Kh2 Qg7 79. Qd6 Ke8 80. Kg2 Qh7 81. Qe6 Qb1 82. Ng4 Kd8 83. Ne3 Ng6 84. Qd5+ Ke7 85. Qc5+ Kf7 86. Qc7+ Kf8 87. Kg3 Ne7 88. Qc5 Ke8 89. f5 Qe4 90. g6 Kf8 91. Qd6 Ke8 92. Qf4 Qb1 93. Qe5 Kd8 94. Kg2 Qb7+ 95. f3 Qb3 96. g7 Qa2+ 97. Kh3 Qf2 98. Qd4+ Ke8 99. Qe4 Kd8 100. f6 Ng8 101. f7 1-0

[Event "Groningen op 52nd"]
[Site "Groningen"]
[Date "2014.12.30"]
[Round "9"]
[White "Kampman, Tijmen"]
[Black "Gerlagh, Joris"]
[Result "1/2-1/2"]
[WhiteElo "2084"]
[BlackElo "2193"]
[PlyCount "104"]
[EventDate "2014.12.21"]
[EventType "swiss"]
[EventRounds "9"]
[EventCountry "NED"]
[SourceTitle "EXT 2016"]
[Source "ChessBase"]
[SourceDate "2015.10.08"]
[SourceVersion "1"]
[SourceVersionDate "2015.10.08"]
[SourceQuality "1"]

1. c4 Nf6 2. Nf3 g6 3. g3 Bg7 4. Bg2 d5 5. 0-0 dxc4 6. Na3 0-0 7. Nxc4 Nbd7 8. d3 Nb6 9. Qb3 Nxc4 10. dxc4 c6 11. Rd1 Qb6 12. Be3 Qxb3 13. axb3 a6 14. b4 Be6 15. Rac1 Ng4 16. Bc5 Bxb2 17. Rc2 Bf6 18. h3 Ne5 19. Nxe5 Bxe5 20. Bxe7 Rfe8 21. Bg5 f6 22. Be3 Rad8 23. Rxd8 Rxd8 24. f4 Rd1+ 25. Kf2 Bd6 26. c5 Be7 27. Rc1 Rxc1 28. Bxc1 a5 29. bxa5 Bxc5+ 30. Be3 Bb4 31. Bb6 Kf7 32. e4 Ke7 33. Bf1 Kd6 34. Kf3 c5 35. g4 Bb3 36. a6 bxa6 37. Bxa6 c4 38. Bd4 c3 39. Ke2 c2 40. Bb2 Kc5 41. Kd3 Kb6 42. Bc8 Bd6 43. Kc3 Ba4 44. Bc1 g5 45. fxg5 fxg5 46. Bxg5 Ba3 47. Bf5 c1Q+ 48. Bxc1 Bxc1 49. Bxh7 Kc5 50. h4 Kd6 51. g5 Ke5 52. Bf5 Bc6 1/2-1/2

[Event "Groningen op 52nd"]
[Site "Groningen"]
[Date "2014.12.23"]
[Round "3"]
[White "Kampman, Tijmen"]
[Black "De Boer, Eelke"]
[Result "1/2-1/2"]
[WhiteElo "2084"]
[BlackElo "1933"]
[PlyCount "108"]
[EventDate "2014.12.21"]
[EventType "swiss"]
[EventRounds "9"]
[EventCountry "NED"]
[SourceTitle "CBM 164 Extra"]
[Source "ChessBase"]
[SourceDate "2015.03.02"]
[SourceVersion "1"]
[SourceVersionDate "2015.03.02"]
[SourceQuality "1"]

1. c4 f5 2. g3 Nf6 3. Bg2 g6 4. Nc3 Bg7 5. b3 0-0 6. Bb2 d6 7. e3 e5 8. Nge2 a5 9. 0-0 Na6 10. d4 Qe7 11. Qd2 e4 12. a3 Be6 13. f3 Bf7 14. fxe4 fxe4 15. Nf4 g5 16. Nh3 h6 17. Nf2 Bg6 18. Ne2 b6 19. b4 axb4 20. axb4 c6 21. Ra3 d5 22. Rfa1 Nc7 23. Qc3 Bh5 24. Nc1 Ng4 25. Nxg4 Bxg4 26. Rxa8 Rxa8 27. Rxa8+ Nxa8 28. cxd5 cxd5 29. Qc6 Qd8 30. h3 Bh5 31. Na2 Be8 32. Qb7 b5 33. Nc3 Nb6 34. Kh2 Qd6 35. Bc1 Bf6 36. Bf1 Bd8 37. Bd2 Bc6 38. Qa6 Qxb4 39. Qa2 Qf8 40. Kg1 Kh8 41. Be1 Nc4 42. Bf2 Qd6 43. Qa6 Bc7 44. Nxb5 Bxb5 45. Qxb5 Nxe3 46. Qe8+ Kg7 47. Be2 Nf5 48. Bh5 Kh7 49. Qf7+ Ng7 50. Bg4 Bd8 51. Kg2 Kh8 52. Be3 Bc7 53. Bf2 Bd8 54. Be3 Bc7 1/2-1/2

[Event "Vlissingen HZ op 18th"]
[Site "Vlissingen"]
[Date "2014.08.04"]
[Round "4"]
[White "Kampman, Tijmen"]
[Black "Ducarmon, Quinten"]
[Result "1/2-1/2"]
[WhiteElo "2090"]
[BlackElo "2479"]
[PlyCount "30"]
[EventDate "2014.08.02"]
[EventType "swiss"]
[EventRounds "9"]
[EventCountry "NED"]
[SourceTitle "CBM 161 Extra"]
[Source "ChessBase"]
[SourceDate "2014.08.29"]
[SourceVersion "1"]
[SourceVersionDate "2014.08.29"]
[SourceQuality "1"]

1. c4 e5 2. Nc3 Nc6 3. g3 Nf6 4. Bg2 Bc5 5. d3 d6 6. Nf3 0-0 7. 0-0 a6 8. a3 Ba7 9. b4 Bf5 10. h3 Qc8 11. Kh2 Nd4 12. Nh4 h6 13. e3 Nc6 14. Nxf5 Qxf5 15. Qe2 Rfe8 1/2-1/2

[Event "Vlissingen HZ op 17th"]
[Site "Vlissingen"]
[Date "2013.08.08"]
[Round "7"]
[White "Kampman, Tijmen"]
[Black "Colijn, Stefan"]
[Result "1/2-1/2"]
[WhiteElo "2126"]
[BlackElo "2276"]
[PlyCount "71"]
[EventDate "2013.08.03"]
[EventType "swiss"]
[EventRounds "9"]
[EventCountry "NED"]
[SourceTitle "CBM 155 Extra"]
[Source "ChessBase"]
[SourceDate "2013.08.26"]
[SourceVersion "1"]
[SourceVersionDate "2013.08.26"]
[SourceQuality "1"]

1. c4 e5 2. g3 Nf6 3. Bg2 Bc5 4. Nc3 Nc6 5. e3 d5 6. Nxd5 Nxd5 7. cxd5 Nb4 8. Qb3 c6 9. Ne2 0-0 10. 0-0 Nxd5 11. d4 exd4 12. Nxd4 Bxd4 13. exd4 Nb6 14. d5 Nxd5 15. Bxd5 cxd5 16. Rd1 Re8 17. Be3 Re5 18. Rd4 b6 19. a4 Be6 20. a5 Re4 21. axb6 axb6 22. Rxa8 Qxa8 23. Rxe4 dxe4 24. Qxb6 h5 25. Qa7 Qd5 26. Bd4 e3 27. Qb8+ Kh7 28. Qe5 Qxe5 29. Bxe5 e2 30. Bc3 Bd5 31. f3 Bxf3 32. Kf2 Bg4 33. b4 Kg6 34. b5 f6 35. b6 Bc8 36. Kxe2 1/2-1/2

[Event "Vlissingen HZ op 17th"]
[Site "Vlissingen"]
[Date "2013.08.07"]
[Round "6"]
[White "Roskam, Mathieu"]
[Black "Kampman, Tijmen"]
[Result "0-1"]
[WhiteElo "1901"]
[BlackElo "2126"]
[PlyCount "82"]
[EventDate "2013.08.03"]
[EventType "swiss"]
[EventRounds "9"]
[EventCountry "NED"]
[SourceTitle "CBM 155 Extra"]
[Source "ChessBase"]
[SourceDate "2013.08.26"]
[SourceVersion "1"]
[SourceVersionDate "2013.08.26"]
[SourceQuality "1"]

1. Nf3 g6 2. d3 Bg7 3. g3 d6 4. Bg2 Nc6 5. Nbd2 e5 6. 0-0 Nf6 7. e4 0-0 8. c3 Nh5 9. Nh4 Be6 10. Ndf3 h6 11. h3 Qd7 12. Kh2 d5 13. Ng1 dxe4 14. Bxe4 Nf6 15. Bg2 Rfd8 16. Re1 Qxd3 17. Qa4 Qc4 18. Bxc6 Qxc6 19. Qxc6 bxc6 20. Be3 a5 21. Nhf3 Nd7 22. Nd2 a4 23. Ne4 f5 24. Nc5 Nxc5 25. Bxc5 Rd2 26. Nf3 Rd5 27. Ba3 e4 28. Rac1 Rd7 29. Nd4 Bxa2 30. Nxc6 Rd2 31. Kg1 Bb3 32. Nd4 Bf8 33. Bxf8 Kxf8 34. Re2 Rxe2 35. Nxe2 Rd8 36. c4 Rd2 37. Nc3 Rxb2 38. Ra1 Rc2 39. Nxa4 Rxc4 40. Nb2 Rc2 41. Nd1 Ra2 0-1

[Event "Vlissingen HZ op 17th"]
[Site "Vlissingen"]
[Date "2013.08.04"]
[Round "3"]
[White "Kampman, Tijmen"]
[Black "Roelofs, Rik"]
[Result "1/2-1/2"]
[WhiteElo "2126"]
[BlackElo "1975"]
[PlyCount "56"]
[EventDate "2013.08.03"]
[EventType "swiss"]
[EventRounds "9"]
[EventCountry "NED"]
[SourceTitle "CBM 155 Extra"]
[Source "ChessBase"]
[SourceDate "2013.08.26"]
[SourceVersion "1"]
[SourceVersionDate "2013.08.26"]
[SourceQuality "1"]

1. c4 Nf6 2. g3 g6 3. Bg2 Bg7 4. Nc3 0-0 5. Rb1 c5 6. a3 Nc6 7. b4 d6 8. e3 cxb4 9. axb4 Bf5 10. d3 a5 11. b5 Nb4 12. e4 Bg4 13. Nge2 Nd7 14. f3 Ne5 15. 0-0 Nexd3 16. fxg4 Qb6+ 17. Kh1 Nf2+ 18. Rxf2 Qxf2 19. Nd5 Nxd5 20. exd5 a4 21. Bb2 Rfc8 22. Bxg7 Kxg7 23. Qd3 a3 24. Bf1 Qf6 25. Nd4 a2 26. Ra1 Ra4 27. Qd1 Rca8 28. Nc2 Qe5 1/2-1/2

[Event "Amsterdam Science Park op-A 3rd"]
[Site "Amsterdam"]
[Date "2013.07.14"]
[Round "8"]
[White "Kampman, Tijmen"]
[Black "In't Veld, Daan"]
[Result "1-0"]
[WhiteElo "2094"]
[BlackElo "2232"]
[PlyCount "107"]
[EventDate "2013.07.06"]
[EventType "swiss"]
[EventRounds "9"]
[EventCountry "NED"]
[SourceTitle "CBM 155 Extra"]
[Source "ChessBase"]
[SourceDate "2013.08.26"]
[SourceVersion "1"]
[SourceVersionDate "2013.08.26"]
[SourceQuality "1"]

1. Nf3 d6 2. g3 f5 3. b3 Nf6 4. Bb2 e5 5. Bg2 e4 6. Ng5 d5 7. e3 Be7 8. d3 0-0 9. Nd2 Na6 10. 0-0 f4 11. gxf4 h6 12. Nh3 Bf5 13. dxe4 dxe4 14. Kh1 Qd7 15. Ng1 Rad8 16. Nc4 Qb5 17. a4 Qe8 18. Qe2 Nb4 19. Ne5 Bd6 20. Rad1 Kh7 21. Rd2 Nd7 22. Rfd1 Qe7 23. Bc3 Na2 24. Ba1 Nb4 25. Bc3 Rfe8 26. Qc4 Nb6 27. Qf7 Qf6 28. Qxf6 gxf6 29. Nf7 N4d5 30. Rxd5 Nxd5 31. Rxd5 Rd7 32. Nxd6 Rxd6 33. Rxd6 cxd6 34. Bxf6 Rc8 35. c3 a5 36. Bh3 Kg6 37. Bd4 Bxh3 38. Nxh3 d5 39. f5+ Kxf5 40. Nf4 Rb8 41. Nxd5 b5 42. Nb6 bxa4 43. bxa4 Kg4 44. Kg2 Rg8 45. c4 Kh4+ 46. Kf1 Kg4 47. Ke2 Rg6 48. c5 Re6 49. Nc4 Kh3 50. Nxa5 Ra6 51. Bc3 Kxh2 52. c6 Ra7 53. Be5+ Kg2 54. c7 1-0

[Event "Amsterdam Science Park op-A 3rd"]
[Site "Amsterdam"]
[Date "2013.07.12"]
[Round "7"]
[White "Van Osch, Mees"]
[Black "Kampman, Tijmen"]
[Result "0-1"]
[WhiteElo "2177"]
[BlackElo "2094"]
[PlyCount "76"]
[EventDate "2013.07.06"]
[EventType "swiss"]
[EventRounds "9"]
[EventCountry "NED"]
[SourceTitle "CBM 155 Extra"]
[Source "ChessBase"]
[SourceDate "2013.08.26"]
[SourceVersion "1"]
[SourceVersionDate "2013.08.26"]
[SourceQuality "1"]

1. e4 e6 2. d4 d5 3. Nc3 Nc6 4. e5 f6 5. Bb5 Bd7 6. Nf3 a6 7. Bxc6 Bxc6 8. 0-0 Qd7 9. Qe2 0-0-0 10. a3 f5 11. Be3 Nh6 12. b4 Bb5 13. Nxb5 Qxb5 14. Qd1 Be7 15. c3 Nf7 16. a4 Qb6 17. Ne1 g5 18. Qh5 Rdf8 19. Nd3 Qc6 20. Nc5 Bxc5 21. dxc5 Qe8 22. Bxg5 Nxg5 23. Qxg5 Rhg8 24. Qh4 Rg4 25. Qh3 Rfg8 26. g3 h5 27. f3 Rc4 28. f4 Rxc3 29. Rfc1 d4 30. b5 Rxc1+ 31. Rxc1 axb5 32. axb5 Qxb5 33. Qxh5 Rd8 34. Qd1 d3 35. Qd2 Rd5 36. Rc3 Qb4 37. h4 Qxc3 38. Qxc3 d2 0-1

[Event "Amsterdam Science Park op-A 3rd"]
[Site "Amsterdam"]
[Date "2013.07.07"]
[Round "2"]
[White "Delabaca, Romuald"]
[Black "Kampman, Tijmen"]
[Result "1-0"]
[WhiteElo "2295"]
[BlackElo "2094"]
[PlyCount "55"]
[EventDate "2013.07.06"]
[EventType "swiss"]
[EventRounds "9"]
[EventCountry "NED"]
[SourceTitle "CBM 155 Extra"]
[Source "ChessBase"]
[SourceDate "2013.08.26"]
[SourceVersion "1"]
[SourceVersionDate "2013.08.26"]
[SourceQuality "1"]

1. Nf3 d6 2. d4 g6 3. c4 Bg7 4. Nc3 Nc6 5. d5 Ne5 6. Nxe5 dxe5 7. e4 Nf6 8. Be2 0-0 9. 0-0 Ne8 10. Be3 b6 11. c5 f5 12. d6 Be6 13. dxc7 Qxc7 14. Nd5 Qd8 15. c6 f4 16. Bd2 Bf5 17. exf5 Qxd5 18. Bb4 Qxd1 19. Rfxd1 Nd6 20. Bxd6 exd6 21. Rxd6 e4 22. Bc4+ Kh8 23. Ba6 Bxb2 24. Rad1 Ba3 25. Rd7 e3 26. c7 f3 27. fxe3 f2+ 28. Kf1 1-0

[Event "NED-chT 1213"]
[Site "Netherlands"]
[Date "2013.04.20"]
[Round "9.5"]
[White "Kampman, Tijmen"]
[Black "Zwirs, Nico"]
[Result "0-1"]
[WhiteElo "2118"]
[BlackElo "2201"]
[PlyCount "70"]
[EventDate "2012.09.15"]
[EventType "team-tourn"]
[EventRounds "9"]
[EventCountry "NED"]
[SourceTitle "EXT 2014"]
[Source "ChessBase"]
[SourceDate "2013.11.20"]
[SourceVersion "1"]
[SourceVersionDate "2013.11.20"]
[SourceQuality "1"]
[WhiteTeam "De Stukkenjagers"]
[BlackTeam "Apeldoorn"]
[WhiteTeamCountry "NED"]
[BlackTeamCountry "NED"]

1. c4 Nf6 2. Nc3 g6 3. g3 Bg7 4. Bg2 0-0 5. d3 d6 6. e4 e5 7. Nge2 c6 8. 0-0 a6 9. h3 b5 10. Bg5 Nbd7 11. Qd2 Re8 12. f4 h6 13. Bh4 exf4 14. gxf4 Nxe4 15. Nxe4 Qxh4 16. f5 Nc5 17. Rf4 Nxe4 18. dxe4 Qd8 19. f6 Bxf6 20. Raf1 Bg5 21. h4 Bxf4 22. Qxf4 Qe7 23. Qxh6 Qe5 24. Nf4 Bd7 25. h5 Qg7 26. Qg5 Re5 27. Qg3 gxh5 28. Qh4 Bg4 29. Nd3 Be2 30. Nxe5 Bxf1 31. Kxf1 Qxe5 32. Bf3 Re8 33. Bxh5 Re6 34. Qg4+ Kf8 35. Qh4 Qf6+ 0-1

[Event "NED-chT 1213"]
[Site "Netherlands"]
[Date "2012.12.15"]
[Round "5.1"]
[White "Kampman, Tijmen"]
[Black "Van Kampen, Robin"]
[Result "0-1"]
[WhiteElo "2118"]
[BlackElo "2572"]
[PlyCount "46"]
[EventDate "2012.09.15"]
[EventType "team-tourn"]
[EventRounds "9"]
[EventCountry "NED"]
[SourceTitle "EXT 2014"]
[Source "ChessBase"]
[SourceDate "2013.11.20"]
[SourceVersion "1"]
[SourceVersionDate "2013.11.20"]
[SourceQuality "1"]
[WhiteTeam "De Stukkenjagers"]
[BlackTeam "Kennemer Combinatie"]
[WhiteTeamCountry "NED"]
[BlackTeamCountry "NED"]

1. e4 d6 2. Nc3 g6 3. d4 Bg7 4. Be3 Nf6 5. h3 0-0 6. Qd2 a6 7. g4 b5 8. Bg2 Bb7 9. Nge2 Nbd7 10. g5 b4 11. gxf6 bxc3 12. Nxc3 Nxf6 13. 0-0-0 e6 14. Bg5 Qc8 15. h4 h5 16. e5 dxe5 17. dxe5 Ng4 18. Bxb7 Qxb7 19. f4 Rfb8 20. Na4 Bf8 21. Rh3 Qb5 22. Qd4 c5 23. Qd7 Rb7 0-1

[Event "Roosendaal LBV op-A"]
[Site "Roosendaal"]
[Date "2012.08.19"]
[Round "6"]
[White "Haast, Mark"]
[Black "Kampman, Tijmen"]
[Result "1-0"]
[WhiteElo "2278"]
[BlackElo "2114"]
[PlyCount "107"]
[EventDate "2012.08.16"]
[EventType "swiss"]
[EventRounds "6"]
[EventCountry "NED"]
[SourceTitle "CBM 150 Extra"]
[Source "ChessBase"]
[SourceDate "2012.10.19"]
[SourceVersion "1"]
[SourceVersionDate "2012.10.19"]
[SourceQuality "1"]

1. d4 g6 2. g3 Bg7 3. Bg2 Nf6 4. c4 0-0 5. Nf3 d6 6. 0-0 c6 7. Nc3 Nbd7 8. e4 Qc7 9. h3 e5 10. Be3 Rd8 11. Rc1 Nf8 12. Qd2 Ne6 13. Rfd1 c5 14. dxe5 dxe5 15. Nd5 Qb8 16. Bxc5 Rxd5 17. cxd5 Nxc5 18. Rxc5 Nxe4 19. Qe3 Nxc5 20. Qxc5 e4 21. Ng5 Qe5 22. Nxe4 Bxh3 23. Bxh3 Qxe4 24. d6 Bxb2 25. d7 Rd8 26. Qg5 f6 27. Qa5 Qe7 28. Re1 Be5 29. f4 Rxd7 30. fxe5 Rd3 31. Kh2 b6 32. Qb5 Rd2+ 33. Bg2 fxe5 34. Rxe5 Qf6 35. Qe8+ Qf8 36. Qc6 Qh6+ 37. Kg1 Rd1+ 38. Bf1 Qd2 39. Qc8+ Kf7 40. Qe8+ Kg7 41. Re7+ Kh6 42. Qf8+ Kg5 43. Re4 h5 44. Qe7+ Kh6 45. g4 Qc1 46. Qf8+ Kg5 47. gxh5 gxh5 48. Re5+ Kh4 49. Qf2+ Kg4 50. Qf5+ Kg3 51. Qh3+ Kf4 52. Rf5+ Ke4 53. Qf3+ Kd4 54. Rd5# 1-0

[Event "Roosendaal LBV op-A"]
[Site "Roosendaal"]
[Date "2012.08.17"]
[Round "2"]
[White "Vereggen, Lars"]
[Black "Kampman, Tijmen"]
[Result "0-1"]
[WhiteElo "2043"]
[BlackElo "2114"]
[PlyCount "106"]
[EventDate "2012.08.16"]
[EventType "swiss"]
[EventRounds "6"]
[EventCountry "NED"]
[SourceTitle "CBM 150 Extra"]
[Source "ChessBase"]
[SourceDate "2012.10.19"]
[SourceVersion "1"]
[SourceVersionDate "2012.10.19"]
[SourceQuality "1"]

1. d4 e6 2. c4 Nf6 3. Nf3 b6 4. a3 Bb7 5. Nc3 d5 6. cxd5 exd5 7. Bf4 a6 8. e3 Nbd7 9. Bd3 Be7 10. 0-0 0-0 11. h3 c5 12. Rc1 b5 13. dxc5 Nxc5 14. Nd4 g6 15. Be2 Qb6 16. Bf3 Rfd8 17. Qd2 Nfe4 18. Qe2 Bf6 19. Rfd1 Bxd4 20. exd4 Nb3 21. Rb1 Nxd4 22. Qe3 Nxf3+ 23. Qxf3 Nxc3 24. bxc3 d4 25. Qg3 dxc3 26. Qxc3 Rac8 27. Rxd8+ Qxd8 28. Qe5 Qd5 29. Qxd5 Bxd5 30. Rd1 Be6 31. Be5 Kf8 32. Rd6 Ra8 33. Bf6 Ke8 34. Kf1 a5 35. Rb6 Kd7 36. Ke1 Bc4 37. Be5 Re8 38. f4 Re6 39. Rb7+ Kc6 40. Ra7 Kb6 41. Rd7 b4 42. axb4 axb4 43. Kd2 Rc6 44. g4 Kb5 45. g5 Ka4 46. h4 Kb3 47. Ra7 Be6 48. Rb7 Rc2+ 49. Ke3 Rc4 50. Bd6 Kc3 51. Rb6 b3 52. Rb8 Kc2 53. Rb6 b2 0-1

[Event "Vlissingen HZ op 16th"]
[Site "Vlissingen"]
[Date "2012.08.10"]
[Round "8"]
[White "Kampman, Tijmen"]
[Black "Verhoef, Harry"]
[Result "1-0"]
[WhiteElo "2114"]
[BlackElo "1911"]
[PlyCount "70"]
[EventDate "2012.08.04"]
[EventType "swiss"]
[EventRounds "9"]
[EventCountry "NED"]
[SourceTitle "CBM 149 Extra"]
[Source "ChessBase"]
[SourceDate "2012.08.24"]
[SourceVersion "1"]
[SourceVersionDate "2012.08.24"]
[SourceQuality "1"]

1. c4 c5 2. Nc3 g6 3. g3 Bg7 4. Bg2 d6 5. Rb1 Nc6 6. a3 a5 7. d3 e6 8. e3 Nf6 9. Nge2 0-0 10. 0-0 Qd7 11. Na4 Qc7 12. Nec3 Qd8 13. Bd2 Rb8 14. Nb5 d5 15. Nxc5 b6 16. Na4 Ba6 17. Bc3 Bxb5 18. cxb5 Na7 19. Be5 Rb7 20. Nc3 Qd7 21. a4 Rc8 22. e4 d4 23. Ne2 Ne8 24. Bxg7 Kxg7 25. b4 axb4 26. Rxb4 e5 27. f4 f6 28. fxe5 fxe5 29. Qd2 Rbc7 30. Rb2 Nd6 31. h4 Rc5 32. Kh2 R8c7 33. Ng1 Nac8 34. Nh3 Ne7 35. Ng5 Ng8 1-0

[Event "Vlissingen HZ op 16th"]
[Site "Vlissingen"]
[Date "2012.08.09"]
[Round "7"]
[White "Sowray, Peter John"]
[Black "Kampman, Tijmen"]
[Result "1-0"]
[WhiteElo "2375"]
[BlackElo "2114"]
[PlyCount "127"]
[EventDate "2012.08.04"]
[EventType "swiss"]
[EventRounds "9"]
[EventCountry "NED"]
[SourceTitle "CBM 149 Extra"]
[Source "ChessBase"]
[SourceDate "2012.08.24"]
[SourceVersion "1"]
[SourceVersionDate "2012.08.24"]
[SourceQuality "1"]

1. d4 g6 2. e4 Bg7 3. Nc3 c6 4. f4 d5 5. e5 h5 6. Nf3 Nh6 7. Be3 Bf5 8. Be2 Nd7 9. Qd2 Nf8 10. h3 Ne6 11. 0-0 0-0 12. Kh2 f6 13. Rf2 Qd7 14. Rg1 Rad8 15. exf6 exf6 16. Nh4 Kf7 17. Qd1 c5 18. Bf3 Be4 19. f5 Nxf5 20. Nxf5 Bxf5 21. Bxd5 cxd4 22. Bxd4 Qc7+ 23. Kh1 Rfe8 24. Re1 Kf8 25. Be3 Nc5 26. Rxf5 gxf5 27. Qxh5 Ne4 28. Qh7 Rxd5 29. Nxd5 Qxc2 30. Kg1 Ng3 31. Qg6 Ne2+ 32. Kh2 Nd4 33. Bxd4 Rxe1 34. Bc3 Rh1+ 35. Kxh1 Qd1+ 36. Kh2 Qxd5 37. a3 a5 38. Qg3 Bh6 39. Bxf6 Qe4 40. Bg5 Bxg5 41. Qxg5 Qe5+ 42. Qg3 Qxb2 43. Qb8+ Kf7 44. Qc7+ Kg6 45. Qxa5 Qd4 46. Qc7 Qe4 47. Qg3+ Kf6 48. h4 f4 49. Qc3+ Kg6 50. Qc5 Kf6 51. Qb6+ Kf5 52. Qb5+ Kf6 53. Qg5+ Ke6 54. Qg4+ Kf6 55. Kh3 Qe3+ 56. Qf3 Qe6+ 57. Kh2 Qe5 58. g3 Kf5 59. Qh5+ Ke4 60. Qxe5+ Kxe5 61. g4 Ke4 62. Kg2 f3+ 63. Kf2 Kf4 64. g5 1-0

[Event "Vlissingen HZ op 16th"]
[Site "Vlissingen"]
[Date "2012.08.07"]
[Round "5"]
[White "De Jong, Migchiel"]
[Black "Kampman, Tijmen"]
[Result "1-0"]
[WhiteElo "2358"]
[BlackElo "2114"]
[PlyCount "49"]
[EventDate "2012.08.04"]
[EventType "swiss"]
[EventRounds "9"]
[EventCountry "NED"]
[SourceTitle "CBM 149 Extra"]
[Source "ChessBase"]
[SourceDate "2012.08.24"]
[SourceVersion "1"]
[SourceVersionDate "2012.08.24"]
[SourceQuality "1"]

1. e4 e6 2. d4 d5 3. Nc3 dxe4 4. Nxe4 Bd7 5. Nf3 Bc6 6. Bd3 Nd7 7. 0-0 Ngf6 8. Ng3 Bd6 9. Re1 0-0 10. Ne5 Nb8 11. Bg5 Be7 12. c4 Be8 13. d5 Nxd5 14. Bxe7 Qxe7 15. cxd5 f6 16. Nc4 e5 17. Qb3 Nd7 18. d6 Qf7 19. Qxb7 Nc5 20. Qxa8 Nxd3 21. dxc7 Bd7 22. Qe4 Nxe1 23. Rxe1 Be6 24. Qc6 Bd5 25. c8Q 1-0

[Event "Vlissingen HZ op 16th"]
[Site "Vlissingen"]
[Date "2012.08.06"]
[Round "4"]
[White "Kampman, Tijmen"]
[Black "Vanhuyse, Nele"]
[Result "1-0"]
[WhiteElo "2114"]
[BlackElo "1851"]
[PlyCount "85"]
[EventDate "2012.08.04"]
[EventType "swiss"]
[EventRounds "9"]
[EventCountry "NED"]
[SourceTitle "CBM 149 Extra"]
[Source "ChessBase"]
[SourceDate "2012.08.24"]
[SourceVersion "1"]
[SourceVersionDate "2012.08.24"]
[SourceQuality "1"]

1. e4 c5 2. Nc3 e6 3. f4 a6 4. g3 Nc6 5. Bg2 Nge7 6. Nf3 d5 7. d3 g6 8. 0-0 Bg7 9. e5 Nf5 10. Qe1 h5 11. Bd2 Qc7 12. Ne2 Qb6 13. Qc1 Bd7 14. Be1 Rc8 15. c3 d4 16. Bf2 Bf8 17. Ng5 Be7 18. Ne4 h4 19. g4 h3 20. Bh1 Nh4 21. N2g3 Kd8 22. Qd2 Kc7 23. Rae1 Rcg8 24. Nf6 Bxf6 25. exf6 Kb8 26. Ne4 e5 27. fxe5 Ka8 28. Ng5 Nd8 29. cxd4 cxd4 30. Qf4 Ng2 31. Bxg2 hxg2 32. Kxg2 Qxb2 33. Kg1 Ne6 34. Nxe6 Bxe6 35. Bxd4 Qxa2 36. Bf2 Rc8 37. Qd4 Kb8 38. Qa7+ Kc7 39. Qb6+ Kb8 40. Qa7+ Kc7 41. Rc1+ Kd8 42. Qb6+ Ke8 43. Qxb7 1-0

[Event "NED-chT 1112"]
[Site "Netherlands"]
[Date "2012.01.07"]
[Round "5.6"]
[White "Bosch, Jeroen"]
[Black "Kampman, Tijmen"]
[Result "1/2-1/2"]
[WhiteElo "2406"]
[BlackElo "2124"]
[PlyCount "68"]
[EventDate "2011.09.17"]
[EventType "team-tourn"]
[EventRounds "9"]
[EventCountry "NED"]
[SourceTitle "EXT 2013"]
[Source "ChessBase"]
[SourceDate "2012.11.22"]
[SourceVersion "1"]
[SourceVersionDate "2012.11.22"]
[SourceQuality "1"]
[WhiteTeam "Calder HMC"]
[BlackTeam "De Stukkenjagers"]
[WhiteTeamCountry "NED"]
[BlackTeamCountry "NED"]

1. d4 e6 2. c4 b6 3. a3 Bb7 4. Nc3 Nf6 5. Nf3 d5 6. Bg5 Nbd7 7. cxd5 exd5 8. e3 Be7 9. Rc1 0-0 10. Bd3 c5 11. 0-0 h6 12. Bf4 Nh5 13. Be5 Nxe5 14. Nxe5 Nf6 15. Bb1 Rc8 16. Qf3 a6 17. Rfd1 Bd6 18. Ng4 Nxg4 19. Qxg4 Qf6 20. Qf5 Qxf5 21. Bxf5 Rc7 22. dxc5 Rxc5 23. b4 Rc7 24. Na4 g6 25. Bg4 a5 26. Nxb6 Rxc1 27. Rxc1 axb4 28. axb4 Bxb4 29. h4 Rd8 30. Bf3 Rd6 31. Na4 Bc6 32. Nb6 Bb7 33. Na4 Bc6 34. Nb6 Bb7 1/2-1/2